| 000 | 03796nam a22002897a 4500 | ||
|---|---|---|---|
| 003 | URS | ||
| 005 | 20251023101643.0 | ||
| 008 | 250904b ||||| |||| 00| 0 eng d | ||
| 040 | _cURS | ||
| 245 |
_aSelf-Regulation and Interpersonal Relationship of Student-Parents _bAnthony B. Irinco ... et al ... |
||
| 260 | _cDecember 2024 | ||
| 300 |
_a82 pages.,; _billustrations ; _c28cm. |
||
| 336 |
_2rdacontent _atext |
||
| 337 |
_2rdamedia _aunmediated |
||
| 338 |
_2rdacarrier _avolume |
||
| 502 |
_aThesis _bCollege of Science _cUniversity of Rizal System-Morong _d2024 |
||
| 520 | _aThis study aimed to determine the level of self-regulation and interpersonal relationship of student-parents. It was conducted during the school year 2024-2025 at the University of Rizal System-Morong, while the subjects were 86 student-parents who are enrolled in different colleges such as the College of Science, College of Education, College of Engineering, and College of Industrial Technology who were chosen through purposive sampling technique. Hence, descriptive research design was employed. The study used a standardized self-regulation questionnaire to determine the level of self-regulation of student-parents. Meanwhile, a standardized interpersonal questionnaire was used to better understand and evaluate the level of interpersonal relationship of student-parents. Thus, Pearson-r was used to determine the significant relationship of self-regulation and interpersonal relationship of student-parents. To determine the level of self-regulation of student-parents with respect to impulse control, goal-orientation, self-direction, and decision-making, mean was used. To determine the level of interpersonal relationship of student-parents with respect to assertion of needs, bidirectional communication, conflict, disclosure and interpersonal closeness, and last, emotional experience and expression, mean was utilized. Meanwhile, to determine if there is a significant relationship between the student-parents’ self-regulation and interpersonal relationship, Pearson Product Moment Correlation Coefficient (PPMC) or Pearson-r was utilized. Therefore, this study suggests that the overall self-regulation of student-parents has significant influence on how they act, shapes sense of social relationship with other people, and establishes a good foundation for interpersonal relationships with other people. It suggests that having a well-established self-control with your emotions, being oriented with your goals and clear directions upon yourself, and wise decision-making will bring self-fulfillment and satisfaction and improve the quality of your social relationship towards other people. It is recommended that the Office of Student Development Services of the University of Rizal System-Morong may develop a special program for student-parents which will establish good social relationships and encourage them to participate in any educational activities, allowing them to perform well and boost their sense of belongingness. Students, especially student-parents, may have collaborative engagement and activities that enable them to establish moral support and create bonds with one another. Future studies may explore and investigate parallel studies considering other variables. | ||
| 700 |
_aAnthony B. Irinco _eAuthor |
||
| 700 |
_aMary Ann O. Flestado _eAuthor |
||
| 700 |
_aFrancine Jarie R. Frias _eAuthor |
||
| 700 |
_aReshelle Mae L. Pabalan _eAuthor |
||
| 700 |
_aMariella Princess Ann C. Rendora _eAuthor |
||
| 700 |
_aSan Juan, Ruby S. _edegree supervisor |
||
| 856 |
_3Online Request for Student Unpublished Works _uhttps://forms.gle/7LqvGGkaDrUQqz429 |
||
| 856 | _uhttps://drive.google.com/file/d/10Orf6cIvOSkjoibHk42BgvppZESO1vbl/view?usp=drive_link | ||
| 942 |
_2lcc _cT |
||
| 999 |
_c85911 _d85909 |
||